|
|
|
|
| LEADER |
01000nam a2200253 a 4500 |
| 001 |
000092409 |
| 003 |
CZ BrMZK |
| 005 |
19960713143423.0 |
| 008 |
961008s1996 xr f cze d |
| 020 |
|
|
|a 80-01-00965-3
|
| 040 |
|
|
|a BOA001
|b cze
|
| 080 |
|
|
|a 311.17(075.8)
|2 MRF
|
| 100 |
1 |
|
|a Kožíšek, Jan,
|d 1941-
|7 ntka173042
|4 aut
|
| 245 |
1 |
0 |
|a Statistická analýza /
|c Jan Kožíšek
|
| 250 |
|
|
|a Dot. 3. vyd.
|
| 260 |
|
|
|a Praha :
|b České vysoké učení technické,
|c 1996
|
| 300 |
|
|
|a 155 s. ;
|c 29 cm
|
| 500 |
|
|
|a Určeno pro posl. fak. strojní Čes. vys. učení techn. v Praze. - Bibliogr.
|
| 653 |
0 |
|
|a statistická analýza
|
| 710 |
2 |
|
|a České vysoké učení technické v Praze.
|b Strojní fakulta
|7 ko20010093670
|
| 910 |
|
|
|a BOA001
|b TK-A-0259.610
|
| 990 |
|
|
|a BK
|
| 996 |
7 |
|
|b 2620005079
|c TK-A-0259.610
|l MZK
|r Sklad / do 24 hodin
|n 8
|p kup
|w 000092409
|u 000010
|a 1
|e BOA001
|j MZK50
|s A
|
| 996 |
7 |
|
|b 2620005080
|c TK-A-0259.610
|l MZK
|r Sklad / do 24 hodin
|n 4
|p kup
|w 000092409
|u 000020
|a 1
|e BOA001
|j MZK50
|s A
|